000
00206 a2200097 4500
020
_a
9780316011839
041
_a
eng
100
_a
Von Ziegesar, Cecily
245
_a
Would I lie to you Gossip girl
942
_c
BK
999
_c
7531
_d
7531